000 00288nam a22001337a 4500
008 170823b xxu||||| |||| 00| 0 eng d
020 _a0387979263
041 _aeng
080 _a514
100 _a38
101 _aMAT
245 _aTOPOLOGY AND GEOMETRY
_cBREDON,G.E
942 _2udc
_cBK
999 _c24677
_d24677